000 00356nam a2200133 i 4500
001 bg
100 1 _aPEUKER, Z.
245 0 _aOśrodki inte i biblioteki - stan organizacyjny i działalność w latach 1920-1984 /
_cZ. Peuker.
260 _aWarszawa,
_c1986.
040 _cBPK
041 _apol
942 _cKS
008 s pl f |000 0 pol
999 _c23280
_d23280
856 _uhttp://koha.tu.koszalin.pl/cgi-bin/koha/opac-detail.pl?biblionumber=23280
_yKatalog online BPK